000 00588nam a2200229Ia 4500
003 OSt
005 20221005114037.0
006 a|||||r|||| 00| 0
007 ta
008 221004b |||||||| |||| 00| 0 fre d
024 _a9084
037 _cTextual
040 _aCRL
_cCRL
_bfre
041 _2fre
_afre
082 _aO142,3M68,12, 32K2
100 _aMxim Gorky
_9625366
245 0 _aAmma
260 _c1962
700 _a Gopalan Nair Tr.
_9625367
942 _hO142,3M68,12, 32K2
_cTEXL
_2cc
999 _c1030082
_d1030082